К вопросу о влиянии серного эфира на усвоение жиров пищи у здоровых людей (Запись № 4045742)

Подробности
000 -МАРКЕР
контрольное поле 02146nam0a22003371 4500
001 - ИДЕНТИФИКАТОР ЗАПИСИ
контрольное поле v19\rc\1569847
005 - ИДЕНТИФИКАТОР ВЕРСИИ
контрольное поле 20250618204616.0
035 ## - ДРУГИЕ СИСТЕМНЫЕ НОМЕРА
Идентификатор записи (NLR Aleph) 004699377
100 ## - ДАННЫЕ ОБЩЕЙ ОБРАБОТКИ
Данные общей обработки 20061002d1892 |||y0rusy50 ca
101 0# - ЯЗЫК РЕСУРСА
Язык текста, звукозаписи и т.д. русский
102 ## - СТРАНА ПУБЛИКАЦИИ ИЛИ ПРОИЗВОДСТВА
Страна публикации Российская Федерация
105 ## - ПОЛЕ КОДИРОВАННЫХ ДАННЫХ: ТЕКСТОВЫЕ МАТЕРИАЛЫ, МОНОГРАФИЧЕСКИЕ
Кодированные данные о монографическом текстовом документе y z |||||
200 1# - ЗАГЛАВИЕ И СВЕДЕНИЯ ОБ ОТВЕТСТВЕННОСТИ
Основное заглавие К вопросу о влиянии серного эфира на усвоение жиров пищи у здоровых людей
Сведения, относящиеся к заглавию Дис. на степ. д-ра мед. П.В. Лиманова
210 ## - ПУБЛИКАЦИЯ, РАСПРОСТРАНЕНИЕ И ДР.
Место издания, распространения и т.д. Санкт-Петербург
Имя издателя, распространителя и т. д. тип. П.П. Сойкина
Дата издания, распространения и т.д. 1892
215 ## - ФИЗИЧЕСКАЯ ХАРАКТЕРИСТИКА
Специфическое обозначение материала и объем 30 с.
Размеры 23
225 1# - СЕРИЯ
Основное заглавие серии Серия диссертаций, допущенных к защите в Императорской Военно-медицинской академии в 1892-1893 учебном году
Обозначение тома № 2
316 ## - ПРИМЕЧАНИЯ ОБ ОСОБЕННОСТЯХ ЭКЗЕМПЛЯРА
Текст примечания Экз. РНБ (18.309.1.488(алл. 2), 18.309.5.488(алл. 2)): приплетено к: Михайлов, Н.А. К вопросу об изменении лимфатических желез в так называемом струмозном бубоне при твердом шанкре. Спб., 1892
Организация и экземпляр, к которому относится поле NLR: 18.309.1.488(алл. 2), 18.309.5.488(алл. 2)
320 ## - ПРИМЕЧАНИЯ О НАЛИЧИИ В ДОКУМЕНТЕ БИБЛИОГРАФИИ / УКАЗАТЕЛЯ
Текст примечания Библиогр. в примеч.
482 #0 - ПРИПЛЕТЕНО К
Встроенное поле 2001#$aК вопросу об изменении лимфатических желез в так называемом струмозном бубоне при твердом шанкре
-- 210##$aСанкт-Петербург$d1892
-- 700#1$aМихайлов$bН.А.
Заглавие К вопросу об изменении лимфатических желез в так называемом струмозном бубоне при твердом шанкре
Автор Михайлов, Н.А.
700 #1 - ИМЯ ЛИЦА - ПЕРВИЧНАЯ ОТВЕТСТВЕННОСТЬ
Начальный элемент ввода Лиманов
Часть имени, кроме начального элемента ввода П.В.
Даты 1857-
Расширение инициалов личного имени Петр Васильевич
801 #0 - ИСТОЧНИК ЗАПИСИ
Страна Российская Федерация
Организация NLR
Правила каталогизации psbo
801 #0 - ИСТОЧНИК ЗАПИСИ
Страна Российская Федерация
Организация RuMoRGB
Источник данных psbo
801 #1 - ИСТОЧНИК ЗАПИСИ
Страна Российская Федерация
Организация ProSoft-M
Источник данных rusmarc
852 ## - МЕСТОНАХОЖДЕНИЕ И ШИФР ХРАНЕНИЯ
Идентификатор организации NLR
Шифр хранения (Call Number) 18.309.1.488(алл. 2)
852 ## - МЕСТОНАХОЖДЕНИЕ И ШИФР ХРАНЕНИЯ
Идентификатор организации NLR
Шифр хранения (Call Number) 18.309.5.488(алл. 2)
899 ## - ДАННЫЕ О МЕСТОНАХОЖДЕНИИ (устаревшее)
Местонахождение RuMoRGB
Шифр хранения A 206/1072
899 ## - ДАННЫЕ О МЕСТОНАХОЖДЕНИИ (устаревшее)
Местонахождение RuMoRGB
Шифр хранения Ф 1-52/4590
899 ## - ДАННЫЕ О МЕСТОНАХОЖДЕНИИ (устаревшее)
Местонахождение БАН
942 ## - ДОПОЛНИТЕЛЬНЫЕ ЭЛЕМЕНТЫ ЗАПИСИ (АБИС)
Тип экземпляра АБИС Книга
980 ## - КОЛЛЕКЦИЯ
Название коллекции Национальная библиография
Экземпляры
Тип экземпляра Дата поступления Библиотека постоянного хранения Библиотека текущего хранения Место хранения Шифр хранения Штрих-код Статус экземпляра
Книга 26.10.2013 РНБ (Московский) РНБ (Московский) Неопределен, для заказа не доступен, в ЭК виден   4699377-50  
Книга 26.10.2013 РНБ (Садовая) РНБ (Садовая) Русский книжный фонд -Главное здание, Ленинский читальный зал 18.309.1.488(алл. 2) 4699377-10  
Книга 26.10.2013 РНБ (Садовая) РНБ (Садовая) Русский книжный фонд -Главное здание, Ленинский читальный зал 18.309.5.488(алл. 2) 4699377-20